[Event "AUT-chT 0910"]
[Site "Austria"]
[Date "2009.11.08"]
[Round "3.2"]
[White "Roiz, Michael"]
[Black "Socko, Bartosz"]
[Result "1/2-1/2"]
[WhiteElo "2659"]
[BlackElo "2643"]
[Annotator "Roiz,M"]
[PlyCount "65"]
[EventDate "2009.11.06"]
[EventType "team-tourn"]
[EventRounds "11"]
[EventCountry "AUT"]
[SourceTitle "CBM 134"]
[Source "ChessBase"]
[SourceDate "2010.01.18"]
[SourceVersion "1"]
[SourceVersionDate "2010.01.18"]
[SourceQuality "1"]

1. Nf3 Nf6 2. c4 g6 3. Nc3 Bg7 4. d4 d6 5. e4 O-O 6. Be2 e5 {Somehow I was
expecting that, although Bartosz's main opening against 1.d4 is the Nimzovich
Defence.} 7. Be3 ({After some unsuccessful experiments with} 7. O-O Nc6 8. d5
Ne7 9. b4 {I did not have much fun playing that.}) 7... Ng4 8. Bg5 f6 9. Bh4 g5
10. Bg3 Nh6 11. c5 $5 {This move has gained in popularity since the game
Onischuk-Inarkiev,Poikovsky 2009.} g4 {The most logical answer - Black is
pushing away the Nf3 in the struggle for the key d4-square.} 12. Nh4 Nc6 13.
cxd6 cxd6 ({Black doesn't get much compensation for the pawn after} 13... Nxd4
14. dxc7 Qxc7 15. Qxd4 exd4 16. Bxc7 dxc3 17. Bc4+ Nf7 18. bxc3 Re8 19. O-O-O
$14) 14. dxe5 dxe5 {That move looks more logical than 14...fxe5 from the
strategic point of view - Black gets a rid of the weak Pd6.} (14... fxe5 15.
O-O (15. Bc4+ Kh8 16. Qd2 Nd4 17. Ne2 Nxe2 18. Bxe2 Be6 19. O-O Qe7 20. b3 Rad8
21. Rad1 $14 {1/2-1/2 Onischuk,A-Inarkiev,E/Poikovsky RUS 2009 (40)}) 15... Bf6
16. Nf5 Nxf5 17. exf5 Bxf5 18. Bxg4 $14 {1/2-1/2 Fressinet,L-Stellwagen,D/Novi
Sad SRB 2009/The Week in Chess 782 (63)}) 15. Bc4+ $146 (15. O-O Be6 16. Qa4
Qd4 17. Qa3 Rfc8 18. Bb5 Bf8 19. Qa4 Qxa4 20. Bxa4 Nd4 21. f4 Bc4 22. Rfe1 Bc5
23. Kh1 b5 24. Bd1 Bd6 {1/2-1/2 Halkias,S-Kasimdzhanov,R/Yerevan 1999/CBM 072
ext}) 15... Kh8 16. Qxd8 {That was played after a long period of thought - I
wasn't sure if White should trade queens so early.} Rxd8 17. O-O (17. f4 $5)
17... Nd4 ({The immediate penetration by Black's rook doesn't promise a very
easy life:} 17... Rd2 18. Rab1 Nd4 19. Rfd1 Rxd1+ 20. Rxd1 Bd7 21. Bd5 $14) 18.
f4 ({I could secure a slight edge by} 18. Rad1 Be6 19. Bxe6 Nxe6 20. f3 $14)
18... gxf3 19. Nxf3 Nxf3+ $2 {A dubious decision - Black shouldn't accept the
exchange of his most active piece!} ({Black shouldn't avoid the complications
after} 19... Ng4 $1 20. Nd5 Be6 21. Nxd4 exd4 22. Bb3 (22. Rae1 Bxd5 23. Bxd5
Ne3 24. Bxb7 Nxf1 25. Kxf1 Rab8 26. Bxb8 Rxb8 27. Bd5 Rxb2 28. Rc1 Bf8 29. Rc8
Kg7 30. Rc7+ Kh6 $11) 22... Ne3 23. Nxe3 Bxb3 24. Nf5 Bc2 25. Bh4 Rd7 26. Nxg7
Kxg7 27. Bxf6+ Kg6 $11 {[%csl Gd4]}) 20. Rxf3 {In my opinion, the strongest
continuation.} ({However, the natural} 20. gxf3 {restricting Black's pieces
was quite annoying too:} Bh3 21. Rfd1 Rf8 {[%cal Gh6f7]} (21... Bf8 22. Bf2 $16
) 22. Bf1 Be6 23. Nb5 $16 {[%csl Rh6]}) 20... f5 {That was was played
immeditaly, although it looks extremely dangerous for Black, since his pieces
are undeveloped.} (20... Bg4 21. Rf2 Rac8 22. Bb3 $16) 21. exf5 (21. Bd5 $5
fxe4 (21... f4 22. Bh4 $16) 22. Bxe4 Be6 23. Raf1 $16) 21... Nxf5 (21... Bxf5
22. Re1 Rd2 23. b3 e4 24. Nxe4 Rxa2 25. Nd6 Bg6 26. Nxb7 $16) 22. Raf1 Nd6 (
22... Nxg3 $142 23. Rxg3 e4 24. Rf7 (24. Nxe4 Be5 25. Rg5 Bxb2 26. Rf7 b5)
24... Bd4+ 25. Kf1 $16 Bd7 26. Nxe4) (22... Rd4 $1 23. Bd5 Nxg3 24. hxg3 (24.
Rxg3 Rf4 25. Rgf3 Bd7 26. Bxb7 Rb8 27. Be4 Be6 28. b3 $16) 24... e4 25. Rf7 Bg4
26. Rxb7 Rf8 27. Rxf8+ Bxf8 28. Bxe4 Rd7 $16) 23. Bb3 $1 {That is the safest
square for the bishop.} ({After} 23. Bd5 Bg4 24. Rf6 ({\/it's already better
to choose the quiet} 24. R3f2 $142 Rac8 25. Bh4 $16) 24... Nb5 $1 {[%csl Rd5]}
25. Bxe5 Re8 $1 (25... Nxc3 26. bxc3 Re8 27. Bd4 Rad8 28. Bxb7 Be2 29. R1f4 Bc4
30. Rc6 Bxa2 31. Bxg7+ Kxg7 32. Rc7+ Kh6 33. Be4 $18) 26. Bxb7 Rad8 27. Nxb5
Rxe5 28. Rd6 Rb8 $14 {Black has excellent compensation for the 2 pawns.}) 23...
Bg4 $2 {My opponent had completely missed my tactical idea!} (23... Re8 $142
24. Rd3 Nf5 25. Ne4 h6 $16) 24. Rf6 $1 {Exploiting the weakness of the Pe5 and
the lack of coordination in Black's camp! The rook is absolutely untouchable.}
b5 $1 {However, Bartosz finds a nice practical chance!} (24... Bxf6 25. Rxf6
$18 {[%csl Rd6,Re5,Rh8]}) ({Completely hopeless was} 24... Bh5 25. Re6 $1 (25.
Bxe5 Nf7 26. Rxf7 Bxe5 27. Rxb7 Rd2 $16) 25... Bg4 26. Rxe5 $18) 25. h3 $2 {
A terrible blunder which not olny misses a clear win, but even allows Black to
solve all his problems!} ({A very unnatural and beautiful position could arise
after} 25. Bxe5 $1 Nc4 (25... b4 26. Nd5 $18) 26. Bxc4 bxc4 {we both missed}
27. Nd5 $1 {which was found by Z.Gyimesi in the analysis. It's amazing, but
Black cannot prevent White from playing 28.Ne7 after which Black couldn't move!
} ({I was only calculating the following line:} 27. R1f4 Re8 28. Rxg4 (28. Bd4
Be6 $16) 28... Rxe5 29. Rf7 {which is much less convincing and gives Black
some drawish chances.}) 27... Be2 {the most resistant} ({After} 27... Re8 28.
Bc3 Be2 29. R1f4 Rad8 30. Ne7 $1) ({Or} 27... Kg8 28. Ne7+ Kh8 29. R1f4 $18 {
[%cal Gh2h3,Gh3h4,Gh4h5,Gh5h6] Black is totally paralyzed - he can never
remove his rooks from the 8th rank due to Rf8 mate, while h7-h6 or h7-h5 is
impossible in view of Rh6. That means White can simply improve his position,
let's say by pushing h4-h5-h6!}) 28. R1f4 {[%cal Cg7f6,Gd5e7]} Rab8 {what else?
} 29. h4 Re8 30. Ne7 Rbd8 31. Kh2 Rb8 32. Bc3 $18 {[%cal Gg2g4,Gh4h5,Gh5h6]
followed by g2-g4,h4-h5-h6.}) ({I could also choose the simple line} 25. Bh4 $5
{[%cal Cb5b4,Cb4c3,Gh2h3]} Nc4 26. Rf7 Rd7 $16) 25... b4 $1 {Even now I cannot
understand, why I didn't take seriously that possibilty - probably I simply
forgot that the Nd6 can move!} ({I had no doubts that} 25... Bh5 26. Bxe5 Nc4
27. Bxc4 bxc4 28. Re6 $18 {is forced...}) 26. Rxd6 {This striking sacrifice
leads to a draw by force.} ({The following lines didn't offer White more:} 26.
Bxe5 bxc3 27. hxg4 Ne4 28. g5 $1 Nd2 29. R1f2 Nxb3 30. axb3 cxb2 (30... Bxf6
31. gxf6 Kg8 32. bxc3 Rd1+ 33. Kh2 Kf7 34. Bd4 Rb8 35. Ra2 Rxd4 36. Rxa7+ Kxf6
37. cxd4 Rxb3 38. Rxh7 Rd3 39. Rh4 Kg5 40. g3 Rd2+ 41. Kh3 Rd1 42. Rg4+ Kf5 43.
Rf4+ Kg5 44. Kg2 Rd3 45. Kf2) 31. Bxb2 a5 $11 (31... Bxf6 32. gxf6 h6 $11)) (
26. Nd5 Ne4 27. Bxe5 Nxf6 28. Nxf6 (28. Nc7 Rac8 29. hxg4 Nxg4 30. Bxg7+ Kxg7
31. Ne6+ Kg6 32. Nxd8 Rxd8 33. Rf4 h5 34. Rxb4 Rd2 $11) 28... Be2 29. Rf4 a5
$15) 26... Rxd6 27. Ne4 Rd4 28. Ng5 (28. hxg4 Rxe4 29. Bd5 Rxg4 30. Bxa8 Rxg3
31. Rf7 Bh6 32. Be4 $11) 28... Bh5 ({Possible was also} 28... Be2 29. Nf7+ Kg8
30. Nxe5+ Kh8 31. Nf7+ Kg8 32. Nd6+ Kh8 33. Rc1 $44) 29. Ne6 Re8 $1 {Now, when
all Black's pieces are in the game, he has nothing to worry about.} (29... Rd7
30. Nxg7 Kxg7 31. Bxe5+ Kh6 32. g4 Bg6 33. h4 $14) 30. Rf5 (30. Nxd4 exd4 31.
Rf5 Bg6 32. Rb5 d3 33. Rxb4 Bxb2 $15) (30. Rc1 Bg6 (30... Rd3 31. Nxg7 Kxg7 32.
Rc7+ Kh6 33. Be1 a5 34. Bc2 e4 35. g4 Rxh3 36. gxh5 Rg8+ 37. Kf1 Rf3+ 38. Ke2
Rg2+ 39. Kd1 Re3 40. Bh4 Ree2) 31. Rc7 Bf6 32. Nxd4 exd4 33. Rxa7 d3 $11) (30.
Nxg7 Kxg7 31. Rf5 Bg6 32. Bxe5+ Kh6 33. Bf4+ $11) 30... Bg6 (30... Rxe6 31.
Bxe6 Bg6 32. Rxe5 Rd2 33. Bb3 Rxb2 34. Rd5 Bf6 $11) 31. Nxg7 (31. Nxd4 $6 exd4
32. Rb5 d3 $15 {[%csl Gd3] is dangerous for White.}) 31... Kxg7 32. Bxe5+ (32.
Rxe5 Rd3 $15) 32... Kh6 33. Bf4+ 1/2-1/2

[Event "WchT 8th"]
[Site "Ningbo"]
[Date "2011.07.23"]
[Round "6.3"]
[White "Postny, Evgeny"]
[Black "Mamedov, Rauf"]
[Result "1-0"]
[WhiteElo "2618"]
[BlackElo "2679"]
[Annotator "Marin,M"]
[PlyCount "93"]
[EventDate "2011.07.17"]
[EventType "team-tourn"]
[EventRounds "9"]
[EventCountry "CHN"]
[SourceTitle "CBM 144"]
[Source "ChessBase"]
[SourceDate "2011.09.16"]
[SourceVersion "1"]
[SourceVersionDate "2011.09.16"]
[SourceQuality "1"]
[WhiteTeam "Israel"]
[BlackTeam "Azerbaijan"]
[WhiteTeamCountry "ISR"]
[BlackTeamCountry "AZE"]

1. d4 Nf6 2. c4 c5 3. d5 g6 4. Nc3 Bg7 5. e4 d6 6. Nf3 O-O 7. Be2 e5 {A very
old-fashioned line.} ({I always played} 7... e6 {in this position, with a
possible transposition to the Modern Benoni, but had done some researches on
the text move recently, too.}) 8. O-O {This is not the most dangerous
continuation.} ({Petrosian's} 8. Bg5 {is the most challenging.} h6 9. Bh4 {
is the well established main line. Many classic games have been played and it
is not easy to exhaust the subject. I have chosen one of them in which the
balance was never altered too much.} ({The modest looking} 9. Bd2 {is quite
dangerous:} Ne8 10. Qc1 $1 (10. h4 f5 11. h5 g5 12. exf5 Bxf5 13. Be3 {
Petrosian,T-Nikolaevsky,Y Kiev 1957 MCD (1-0, 60)} e4 14. Nd2 Bxc3 15. bxc3 Nf6
16. Nf1 Nbd7 17. Ng3 Bh7 $15) 10... Kh7 11. h4 f5 (11... Nf6 12. h5 $5 Nxh5 13.
g4 Bxg4 14. Ng5+ hxg5 15. Bxg4 $40) 12. h5 g5 13. exf5 Rxf5 (13... Bxf5 14. g4
$16 {[%cal Gc3e4]} Bxg4 $2 15. Nxg5+ $1 hxg5 16. Bxg4 $18) 14. Bd3 $16 {
/+- Villeneuve,A (2260)-Seret,J (2340) Courchevel 1979 EXT 2009 [Villeneuve,A/
Primel,D] (1-0, 36)}) ({The provocative} 9. Be3 $5 {leads to interesting play:}
Ng4 (9... Nbd7 10. Nd2 $1 $14) 10. Bd2 f5 11. h3 Nf6 12. Nh4 Nxe4 13. Nxg6 Rf7
14. Nxe4 fxe4 15. Qb3 Kh7 16. Qg3 Bf6 17. h4 Bf5 18. Qe3 Kg8 19. Qg3 Rg7 20. h5
Bg5 21. O-O-O Bxd2+ 22. Rxd2 Qg5 $15 {Shulman,Y (2639)-Vocaturo,D (2445)
Reykjavik 2009 (1/2, 44)}) 9... Qc7 10. Nd2 Nh7 11. f3 a6 12. a3 f5 13. b4 Nd7
14. Rb1 b6 15. Qa4 Bf6 16. Bf2 (16. Bxf6 Ndxf6 17. Qc6 Ra7 18. bxc5 bxc5 19.
Rb6 Ne8 20. exf5 gxf5 21. Qxc7 Rxc7 22. O-O $14) 16... Bd8 17. O-O Ndf6 18. Qc6
Rb8 19. Qxc7 Bxc7 20. Rb2 Ng5 21. h4 $6 {There was no need to weaken the
kingside prematurely.} (21. Rfb1 Ra8 22. Bd1 $1 {This move is useful generally,
by preparing Bd1-a4, but pursues a concrete aim as well. After} fxe4 23. h4 $1
{there is no intermediate exf3 available.} Nf7 24. Ndxe4 $14) 21... Nf7 22.
Rfb1 Ra8 23. Bd1 Bd8 $1 {[%csl Gh4]} 24. a4 Nh5 25. g3 f4 26. g4 Ng3 $132 {
Polugaevsky,L-Geller,E Leningrad 1962 MCD (1/2, 51)}) 8... Ne8 9. Ne1 f5 ({
Two great champions preferred to delay this inevitable advance, in order to
avoid the counter-break f2-f4:} 9... Nd7 10. Nd3 f5 11. f4 Qe7 12. exf5 gxf5
13. Kh1 $6 (13. g4 $6 e4 14. Nf2 Bxc3 $1 15. bxc3 fxg4 16. Nxg4 Kh8 17. Kh1 Ng7
$17 {Donner,J-Petrosian,T/Santa Monica 1966/ (1/2, 35)}) (13. Qc2 $1) 13... e4
$1 14. Nf2 Bxc3 15. bxc3 Ndf6 16. Be3 Kh8 17. h3 Rg8 18. Qd2 (18. Rg1 Ng4 $17)
18... Ng7 19. Nd1 Ngh5 $17 {Timman,J-Tal,M/Tallinn 1973/MCL (0-1, 32)}) 10. Nd3
(10. f4 {is asking for trouble.} exf4 11. Bxf4 g5 12. Bd2 f4 13. h4 $2 Bd4+ 14.
Kh1 g4 $1 $19 {Maruejols,C (2043)-Djuric,S (2460)/Metz 2008/CBM 123 Extra (0-1,
19)}) (10. exf5 gxf5 11. f4 {is an important alternative, though.} e4 12. Bd2
Kh8 13. Kh1 Nf6 14. g3 Na6 15. a3 Bd7 16. Ng2 Qe8 17. Qc2 Rb8 18. Rab1 Nc7 19.
Nd1 (19. b4 cxb4 20. axb4 b5 21. Ne3 bxc4 22. Bxc4 a6 $13) 19... b5 20. b3 Qf7
21. Nde3 Ng8 22. Rfd1 bxc4 23. bxc4 Na8 24. Rxb8 Rxb8 25. Rb1 Rxb1+ 26. Qxb1
Nb6 $13 {Sherwin,J-Gufeld,E/Helsinki 1961/EXT 2001 (0-1, 72)}) 10... Nf6 (10...
Nd7 {would transpose above.}) 11. f3 (11. exf5 gxf5 12. f4 {remains a
possibility.} e4 13. Nf2 Kh8 14. Be3 Rg8 15. Kh1 Na6 16. Rg1 Qe7 17. g3 Bd7 18.
h3 {With the strong positional threat g3-g4.} Nb4 $6 {Too provocative a move
and a useless one.} ({Black should look for some counterplay of his own:} 18...
Nc7 $5 {for instance} 19. g4 b5 20. g5 b4 $13 21. gxf6 $2 Bxf6 22. Na4 Rxg1+
23. Kxg1 Qg7+ 24. Kf1 Rg8 $40) 19. Qd2 $6 (19. g4 fxg4 20. hxg4 Nxg4 21. Bxg4
Qh4+ 22. Nh3 Bxg4 23. Qxg4 Qxg4 24. Rxg4 Bxc3 25. Rxg8+ Rxg8 26. bxc3 Nc2 27.
Bxc5 dxc5 28. Rc1 Ne3 $11) (19. a3 $1 Na6 20. g4 $16) 19... h5 $1 $13 20. a3
Na6 21. Rg2 Bh6 22. Rag1 Rg7 23. Nb1 b6 24. b4 Rag8 $11 {Malich,B-Pavlov,M/
Halle 1963/MCL (1/2, 30). Neither side can make significant progress and the
game soon ended in a draw.}) 11... f4 {The position bears a strong similarity
with the Mar del Plata Attack, possibly the very main KI line for decades. It
is not very clear whether the queen's knight is better placed here than on e7.}
12. g4 $146 {A double edged attempt to restrict the kingside initiative.} ({
A typical manoeuvring game went:} 12. Rb1 g5 13. Bd2 Rf7 14. a3 Bf8 15. b4 b6
16. bxc5 bxc5 17. Nf2 h5 18. Rb2 Rg7 19. Qa4 g4 20. Rfb1 Bd7 21. Qb3 gxf3 22.
Bxf3 Bg4 23. Qd1 Nbd7 24. Kh1 Qe8 $13 {Gligoric,S-Doda,Z/Belgrade 1961/EXT 99 
(0-1, 70)}) (12. b4 $6 {is premature} cxb4 13. Na4 b6 $1 (13... g5 $6 14. c5
$36 {Bruno,F (2460)-Vocaturo,D (2500)/Sarre 2009/CBM 133 Extra (1-0, 40)}) 14.
Nxb4 Na6 15. Nc6 Qd7 16. Nc3 Nc5 $13 {Black is doing absolutely fine after
having found a good square for his queen's knight.}) 12... h5 13. h3 Nh7 14.
Kg2 Nd7 15. Bd2 Ndf6 $1 {The start of an effective regrouping.} 16. Nf2 Ne8 17.
Rh1 Bf6 $1 {[%cal Gf6h4,Gh4g3]} 18. Qg1 {For the time being, White plays
defensive moves. The queenside attack is inevitable, but can be delayed. The
king's safety is essential.} a6 19. a3 Bd7 20. b4 b6 21. Rb1 Bh4 22. Nd3 Qf6 {
This may be a bit rushed. Black creates the threat of a sacrifice on g4
followed by the fork on f3, but this can be easily parried. Therefore, he
should have not hurried with leaving the b6-square undefended.} (22... Ng5 $5
23. bxc5 (23. a4 a5 24. bxc5 bxc5 25. Rb7 Nf6) (23. Be1 Bxe1 24. Qxe1 hxg4 25.
hxg4 Bxg4 $1) 23... bxc5 24. Bd1 Nf6 25. Be1 Bxe1 26. Qxe1 Kg7 $132 {Black's
attack looks more realistic than White's.}) 23. Kf1 $6 (23. Bd1 $1 {[%cal
Gb4c5,Gb1b6]}) 23... Bg3 24. Be1 Ng5 25. h4 $6 {Inviting Black to attack.} (25.
bxc5 bxc5 26. Rb2 Ng7 {[%cal Ga8b8]}) ({A neutral move such as} 25. Rb2 $5 {
may have been the best way of maintaining the tension.}) 25... Nxf3 $1 26. Bxf3
hxg4 27. Bd1 Ng7 $2 {This is hard to understand.} ({Why not} 27... Bxe1 $1 28.
Kxe1 f3 29. bxc5 (29. Qg3 $2 {fails to block the pawns because of} Ng7 $1 {
[%cal Gg7h5]}) 29... bxc5 30. Rb7 Bc8 31. Rb6 Ng7 $40) 28. Bxg3 fxg3+ 29. Ke1
$16 {/+- Black has got next to nothing for his piece.} Nh5 30. Kd2 Qe7 31. bxc5
bxc5 32. Qe3 Rf4 33. Ne2 ({Of course, not} 33. Nxf4 $4 exf4 34. Qd3 f3 $44)
33... Rf3 34. Qg5 Qg7 35. Nc3 Rxd3+ 36. Kxd3 g2 37. Rg1 Nf4+ 38. Kc2 Nh3 39.
Qe3 Nxg1 40. Qxg1 Qf6 41. Qxg2 Qxh4 42. Be2 Rf8 43. Rh1 Qg5 44. Qh2 Kf7 45.
Qh7+ Ke8 46. Rb1 Rf7 47. Qh8+ 1-0

[Event "Tata Steel-A 76th"]
[Site "Wijk aan Zee"]
[Date "2014.01.18"]
[Round "6"]
[White "Van Wely, Loek"]
[Black "Rapport, Richard"]
[Result "1/2-1/2"]
[WhiteElo "2672"]
[BlackElo "2691"]
[Annotator "Szabo,Kr"]
[PlyCount "128"]
[EventDate "2014.01.11"]
[EventType "tourn"]
[EventRounds "11"]
[EventCountry "NED"]
[EventCategory "20"]
[SourceTitle "CBM 159"]
[Source "ChessBase"]
[SourceDate "2014.03.17"]
[SourceVersion "1"]
[SourceVersionDate "2014.03.17"]
[SourceQuality "1"]

1. d4 g6 2. Nf3 Bg7 3. e4 d6 4. c4 Nf6 5. Nc3 {After some unexpected starting
moves, we are in the King's Indian main line.} O-O 6. Be2 e5 7. Be3 Ng4 (7...
exd4 {is also very popular nowadays.}) 8. Bg5 f6 9. Bh4 Nc6 (9... g5 10. Bg3
Nh6 {is another main line.}) 10. d5 Ne7 11. Nd2 f5 (11... Nh6 {is the real
main line with many many top games.}) 12. Bxg4 fxg4 13. Bg5 {This is important,
otherwise h6 and g5 and the B is in big trouble.} h6 14. Be3 c5 (14... b6 {
is also possible, for example:} 15. O-O g5 16. b4 Ng6 17. a4 a5 18. bxa5 Rxa5
19. Nb3 Ra6 20. a5 bxa5 21. c5 Nf4 22. Nxa5 h5 23. Nc4 Rxa1 24. Qxa1 Qf6 25.
cxd6 cxd6 26. Nb6 h4 27. Qd1 Qf7 28. Nxc8 Rxc8 29. Bd2 Qd7 30. g3 Nh3+ 31. Kg2
Rf8 $132 {and there is some pressure on White's position, later Black managaed
to win, Peralta-J.Polgar, Khanty-Mansiysk ol 2010.}) 15. dxc6 (15. Rb1 g5 16.
b4 b6 17. bxc5 bxc5 18. O-O Rf7 19. Rb3 Ng6 20. Qb1 Bf8 21. Qb2 Nf4 22. Rb1 h5
23. Rb8 Rxb8 24. Qxb8 h4 $13 {with a double-edged fight, Topalov-Kaminski,
Polanica Zdroj 1995.}) 15... bxc6 16. b4 Be6 17. O-O g5 $146 {A logical
novelty by Rapport. Black prepares for Ng6-f4 which can be very unpleasant for
White.} ({In case of} 17... d5 18. cxd5 cxd5 19. Bc5 d4 20. Nb5 Qd7 21. a4 h5
22. Qb1 h4 23. Qd3 h3 24. g3 Bh6 25. Nd6 Kh7 26. b5 Rf6 $36 {and Black looks
nicely placed, Tan Zhongyi-Zhang Xiaowen, Xinghua Jiangsu 2011.}) 18. b5 ({
The engine suggests} 18. Qa4 Qe8 19. Rac1 {followed by Rfd1 and b5. This P
structure is very strange in the King's Indian, especially the g4 P, so that's
why they both have to employ other plans than the usual ones.}) 18... Qd7 ({
In the event of} 18... d5 19. exd5 cxd5 20. Bc5 dxc4 21. Nde4 $44 {and White
has great compensation for the P.}) 19. bxc6 Nxc6 20. Nd5 Rab8 21. Nb3 a5 22.
a4 Rb7 23. c5 Rfb8 24. Ra3 Kh8 (24... Bf7 $5 {was also interesting.}) 25. cxd6
Qxd6 26. Nc5 Rb2 $6 {A small inaccuracy.} ({Maybe} 26... Rb1 {was the best
chance} 27. Qxb1 Rxb1 28. Rxb1 Bxd5 29. exd5 Nd4 30. Bxd4 exd4 {and the
computer gives Black a clear advantage, but two Rs are always very powerful.})
27. Rd3 $6 {Returns the error.} ({White should play} 27. Nxe6 Qxe6 (27... Qxa3
28. Bc1 $1 $16 {and White is better.}) 28. Rc3 $14 {with some pressure.}) 27...
Nd4 (27... Bg8 $5 {was also interesting to hold the B.}) 28. Nxe6 Qxe6 29. Rd2
Qa6 $6 {Too risky. Black gives up the g4 P, because he believes his advanced d
P will be very strong.} ({After the simple} 29... Qd7 30. Rxb2 Rxb2 {Black
hasn't got any problem.}) 30. Rxb2 Rxb2 31. Bxd4 ({Of course the immediate} 31.
Qxg4 $4 {does not work, because of} Qxf1+ $1 32. Kxf1 Rb1+ $19 {and mate.})
31... exd4 32. Qxg4 d3 $1 {Rapport immediately pushes his advanced P.} 33. Qd7
$1 {Another strong reply. The Q is behind the P and White prepares for the
dangerous Ne7 with some unpleasant threats.} Qg6 34. Ne7 Qf7 35. Qd8+ Kh7 36.
Nf5 d2 37. g3 ({Probably} 37. h3 $1 {was more accurate, because the f3 square
is not left as a hole.}) 37... Bc3 $6 ({The computer suggests} 37... Qb3 {
, but in a practical game, nobody wants to leave his K alone.}) 38. Qd3 Qa7 $2
{A decisive mistake, probably in time trouble.} ({He should play} 38... Bb4 {
, but} 39. e5 {and Black's position is very difficult.}) 39. Rd1 {Not a bad
move; he isn't missing the win, but} (39. e5 $1 {was the strongest answer} Bxe5
40. Ne7+ $18 {and Black can resign.}) 39... Bb4 40. e5 Qf7 41. Ne3+ Kg7 42. Qd4
Rb3 43. e6+ Qf6 44. Qd7+ Kh8 45. Kg2 (45. Qd5 $1 {was the best to centralise
the Q} Ra3 {and only now} 46. Kg2 $1 $18 {and White is completely winning.})
45... g4 $1 {The only chance.} 46. Qc8+ ({The unexpected} 46. Nxg4 $1 {was the
correct} Qf3+ 47. Kh3 {and} Qxd1 $2 {is no possible, as} 48. Qe8+ Kg7 49. Qf7+
Kh8 50. Qf6+ Kg8 51. Qg6+ $18 {and mate.}) 46... Kg7 47. Qb7+ Kh8 (47... Kg8 {
was more accurate} 48. Qc8+ Qf8 {and still Black is fighting.}) 48. e7 $2 ({
White should return to the previous position with} 48. Qc8+ Kg7 49. Qd7+ {
followed by Nxg4, like in the 46th move.}) 48... Qxe7 49. Qxe7 Bxe7 50. Rxd2
Bg5 $1 {A very important momemt. Black escapes to a R ending, which gives him
the best drawing chances.} 51. Rd5 Bxe3 52. fxe3 Rxe3 53. Kf2 Ra3 54. Rxa5 {
Finally White has a P up, but this is a theoretically drawn R engame.} Kg7 55.
Ra8 Kg6 (55... Ra2+ {was the easiest.}) 56. a5 Ra2+ 57. Ke3 Rxh2 58. a6 Ra2 59.
Kd4 Kh5 (59... h5 {was also fine.}) 60. Kc4 Ra3 61. Kb4 Ra1 62. Kb5 Rb1+ 63.
Kc5 Rc1+ 64. Kb5 (64. Kb6 {was also draw, because} Rb1+ 65. Ka7 Rb3 {ect.})
64... Rb1+ {and draw. What a great battle!} 1/2-1/2